| 000 | 00713nac a22001811u 4500 | ||
|---|---|---|---|
| 008 | 100907t xxu||||| |||| 00| 0 eng d | ||
| 020 | _a8180140288 | ||
| 082 |
_a624.15 _bARO |
||
| 100 |
_aArora ,K.R. _918616 |
||
| 245 |
_aSoil Mechanics and Foundation Engineering / _cK.R.Rora. |
||
| 260 |
_aNew Delhi: _bStandard Publishurs Distributors , _cc[2005] |
||
| 300 |
_a887p.: _bil. l; _c25cm. |
||
| 500 | _aIncludes Index. | ||
| 650 |
_aSoil mechanics. _918617 |
||
| 700 |
_aArora ,K.R. _918618 |
||
| 942 |
_cBB _k624.15ARO _2ddc |
||
| 999 |
_c2903 _d2903 |
||